A concise dictionary of architectural terms : (Record no. 12423)

000 -LEADER
fixed length control field 00952cam a22002294a 4500
003 - CONTROL NUMBER IDENTIFIER
control field OSt
005 - DATE AND TIME OF LATEST TRANSACTION
control field 20240116161545.0
008 - FIXED-LENGTH DATA ELEMENTS--GENERAL INFORMATION
fixed length control field 040206r20041910nyua d 001 0 eng
020 ## - INTERNATIONAL STANDARD BOOK NUMBER
International Standard Book Number 9780486433028
042 ## - AUTHENTICATION CODE
Authentication code pcc
082 00 - DEWEY DECIMAL CLASSIFICATION NUMBER
Classification number 720.14
Edition number 22
Item number PAR
100 1# - MAIN ENTRY--PERSONAL NAME
Personal name Parker, John Henry,
Dates associated with a name 1806-1884.
240 10 - UNIFORM TITLE
Uniform title <a href="Concise glossary of terms used in Grecian, Roman, Italian, and Gothic architecture">Concise glossary of terms used in Grecian, Roman, Italian, and Gothic architecture</a>
245 12 - TITLE STATEMENT
Title A concise dictionary of architectural terms :
Remainder of title illustrated /
Statement of responsibility, etc John Henry Parker.
260 ## - PUBLICATION, DISTRIBUTION, ETC. (IMPRINT)
Place of publication, distribution, etc Mineola, N.Y. :
Name of publisher, distributor, etc Dover Publications,
Date of publication, distribution, etc 2004.
300 ## - PHYSICAL DESCRIPTION
Extent 335 p. :
Other physical details ill. ;
Dimensions 22 cm.
500 ## - GENERAL NOTE
General note Originally published: A concise glossary of terms used in Grecian, Roman, Italian, and Gothic architecture. 12th rev. ed. Oxford, England : J. Parker, 1910.
500 ## - GENERAL NOTE
General note Includes index.
650 #0 - SUBJECT ADDED ENTRY--TOPICAL TERM
Topical term or geographic name as entry element Architecture
Form subdivision Dictionaries.
856 42 - ELECTRONIC LOCATION AND ACCESS
Materials specified Publisher description
Uniform Resource Identifier <a href="http://www.loc.gov/catdir/enhancements/fy0617/2004043646-d.html">http://www.loc.gov/catdir/enhancements/fy0617/2004043646-d.html</a>
942 ## - ADDED ENTRY ELEMENTS (KOHA)
Source of classification or shelving scheme
Holdings
Withdrawn status Lost status Source of classification or shelving scheme Damaged status Koha normalized classification for sorting Not for loan Permanent location Current location Date acquired Source of acquisition Cost, normal purchase price Full call number Barcode Date last seen Cost, replacement price Price effective from Koha item type
        720_140000000000000_PAR   BMS College of Architecture, Design and Planning BMS College of Architecture, Design and Planning 2024-01-16 1 1471.67 720.14 PAR AR-UG3667 2024-01-16 1962.22 2024-01-16 UG Books
Copyright © 2025, The Librarian, Library and Information Centre, BMSCA D&P, Bengaluru. All Rights Reserved
web counter

Powered by Koha